Paesi in cui si trovano Lamantini e Dugonghi - Statistics

Statistiche generali
  • Questo quiz è stato fatto 8 volte
  • Il punteggio medio è 37 su 55
Statistiche sulle risposte
Hint Risposta % Corretto
Messico
88%
Stati Uniti
88%
Benin
75%
America Brasile
75%
Cina
75%
Colombia
75%
Costa d'Avorio
75%
Costa Rica
75%
Egitto
75%
Gabon
75%
Gambia
75%
Ghana
75%
Giappone
75%
Guatemala
75%
Guyana
75%
India
75%
Kenya
75%
Liberia
75%
Madagascar
75%
Nicaragua
75%
Panama
75%
Repubblica del Congo
75%
Senegal
75%
Sierra Leone
75%
Suriname
75%
Tanzania
75%
Togo
75%
Venezuela
75%
Vietnam
75%
Africa Angola
63%
Oceania Australia
63%
Birmania
63%
Cambogia
63%
Cuba
63%
Ecuador
63%
Filippine
63%
Guinea
63%
Guinea Bissau
63%
Honduras
63%
Indonesia
63%
Malesia
63%
Nigeria
63%
Papua Nuova Guinea
63%
Repubblica Dominicana
63%
Sri Lanka
63%
Thailandia
63%
Timor Est
63%
Trinidad e Tobago
63%
Camerun
50%
Emirati Arabi Uniti
50%
Mozambico
50%
Oman
50%
Perù
50%
Asia Bahrain
38%
Qatar
38%
Nessun quiz corrispondente trovato
Distribuzione punteggi
Percentuale di utenti per punteggio
Percentile per numero di risposta
I tuoi punteggi nel tempo
Non hai fatto questo quiz